| 000 | 02403cam a2200421 a 4500 | ||
|---|---|---|---|
| 001 | 13929156 | ||
| 003 | OSt | ||
| 005 | 20110602102930.0 | ||
| 008 | 040401s2000 ug l 001 0 eng | ||
| 010 | _a 2005327015 | ||
| 035 | _a(DLC) 2005327015 | ||
| 040 |
_aDLC _cDLC _dDLC |
||
| 042 | _alcode | ||
| 043 | _af-ug--- | ||
| 050 | 0 | 0 |
_aKTW1.9 _b2000 |
| 082 | 0 | 0 |
_a348.6761 LAW _222 |
| 110 | 1 |
_aUganda. _9554 |
|
| 240 | 1 | 0 | _aLaws, etc. (Laws of the Republic of Uganda) |
| 245 | 1 | 0 | _aLaws of the Republic of Uganda 2000 Vol. IX Chapters 215 - 232 / |
| 250 | _aRev. ed. _ | ||
| 260 |
_a[Kampala? : _bs.n.], _c2000. |
||
| 300 |
_a24 v. ; _c28 cm. |
||
| 500 | _a"Prepublication copy." | ||
| 500 | _aIncludes index. | ||
| 505 | 0 | _av. 1. Preliminary matter : chapter 13 -- v. 2. Chapters 14-46 -- v. 3. Chapters 47-70 -- v. 4. Chapters 71-75 -- v. 5. Chapters 76-87 -- v. 6. Chapters 88-102 -- v. 7. Chapters 103-110 -- v. 8. 111-141 -- v. 9. Chapters 142-149 -- v. 10. Chapters 150-152 -- v. 11. Chapters 152-164 -- v. 12. Chapters 165-200 -- v. 13. Chapters 201-219 -- v. 14. Chapters 220-225 -- v. 15. Chapters 226-242 -- v. 16. Chapter 243 -- v. 17. Chapters 243-265 -- v. 18. Chapters 266-280 -- v. 19. Chapter 281 -- v. 20. Chapters 282-303 -- v. 21. Chapters 304-310 -- v. 22. Chapters 311-353 -- v. 23. Chapters 354-361 -- v. 24. Chapters 361-364 : East African statutory instruments index. | |
| 650 | 0 |
_aLaw _zUganda. _95085 |
|
| 700 | 1 |
_aNsanze, Vastina Rukimirana. _95082 |
|
| 700 | 1 |
_aBateson, Ann L. _95083 |
|
| 906 |
_a7 _bcbc _corigode _d2 _encip _f20 _gy-gencatlg |
||
| 942 |
_2ddc _cREF |
||
| 999 |
_c2315 _d2315 |
||